00742nam a2200205Ia 4500003000900000008004100009040001600050080002300066110003300089245012000122260005000242300000900292500001900301650003100320650001900351650002000370942000700390999001500397952012400412IN-BaIIA211028s9999 xx 000 0 eng d cIIA Library a083.7:621.822bISI aIndian Standards Institution 0aIndian standard code of practice for installation and maintenance of rolling bearingscIndian Standards Institution aNew DelhibIndian Standards Institutionc1965 a22p. aIS 3090 : 1965 aBearings - standards99286 aNASA thesaurus aStandards98876 cBK c5303d5303 00104070aBANbBANcGENd0000-00-00g10.00l0o083.7:621.822/ ISIp5911r2021-11-05v10.00w0000-00-00yBKGRs. 10.00